000 00573nam a22002177a 4500
003 OSt
005 20160901144032.0
008 160901b xxu||||| |||| 00| 0 eng d
020 _a9780138146269
020 _a0138146268
040 _cDDC.
082 _a005.712LIA 2009.
100 _aLiang,Y.Daniel;
_910981
245 _aIntroduction to Java Programming.
250 _a7th ed.
260 _aNew Jersey.
_bUpper Saddle River.
_c2009.
300 _a733p;
_bill:
_c26cm.
504 _aincludes index.
650 _aProgramming Languages.
_910574
942 _2ddc
_cO_SHELF
999 _c5136
_d5136